Click the Movie Subtitle #2 - Statistics

General Stats
  • This quiz has been taken 6,954 times
  • The average score is 13 of 20
Answer Stats
Hint Answer % Correct
Borat: Cultural Learnings of America for Make Benefit Glorious Nation of Kazakhstan
85%
Ever After: A Cinderella Story
81%
Batman vs Superman: Dawn of Justice
81%
The Twilight Saga: New Moon
78%
Babe: Pig in the City
77%
Ace Ventura: Pet Detective
76%
Percy Jackson: Sea of Monsters
75%
Kingsman: The Secret Service
75%
Police Academy 4: Citizens on Patrol
68%
Paranormal Activity: The Ghost Dimension
67%
Sherlock Holmes: A Game of Shadows
66%
Rambo: Last Blood
66%
300: Rise of an Empire
66%
The Purge: Anarchy
63%
Jurassic World: Dominion
63%
Deuce Bigalow: Male Gigolo
63%
Air Bud: Golden Receiver
61%
Ghost Rider: Spirit of Vengeance
51%
Jaws: The Revenge
50%
Ballistic: Ecks vs. Sever
35%
No matching quizzes found
Score Distribution
Percent of People with Each Score
Percentile by Number Answered
Your Score History
You have not taken this quiz